000 00195 a2200097 4500
001 45839
100 _aWhitaker
245 _aWhitaker's almanac
260 _aLondon
_b
_c
090 _c28950
_d28950
942 _aNUST-CAE
_cM
_c21058
999 _c280912
_d280912